| 000 | 00566nam a22002177a 4500 | ||
|---|---|---|---|
| 003 | OSt | ||
| 005 | 20140310183030.0 | ||
| 008 | 130218t xxu||||| |||| 00| 0 eng d | ||
| 020 | _a9789712352874 | ||
| 050 |
_aQA 154 _b.M757 2009 |
||
| 082 |
_aFIL 512 _bM76 2009 |
||
| 245 |
_aIntroduction to college algebra _cMontaƱa, Rizalina Asuncion |
||
| 260 |
_aManila _bRex Book Store _cc2009 |
||
| 300 |
_a87 p. _c22 cm. |
||
| 521 | _acollege students | ||
| 526 | _c1210L-1700L | ||
| 541 | _j1 | ||
| 541 | _j2 | ||
| 562 | _e2 | ||
| 942 |
_2lcc _cBK _kFIL |
||
| 999 |
_c18440 _d18440 |
||